000 00644nam a2200241 i 4500
001 C2-0246405
003 PPAK
005 20180727211152.0
008 030323s1999 enka|||| ||||| | eng d
020 _a0140564519
040 _aPPAK
_beng
_cPPAK
_erda
082 0 4 _a428.6
_223
090 0 0 _a428.6
_bCOL
_dK
100 1 _aCole, Babette,
_eauthor
245 1 0 _aBad habits!
264 1 _aLondon :
_bPuffin Books/ Hamish Hamilton ,
_c1999
300 _a[30 pages] :
_bcolour illustrations ;
_c23 cm
336 _2rdacontent
_atext
337 _2rdamedia
_aunmediated
338 _2rdacarrier
_avolume
650 1 0 _aReaders
942 _ddc
_cB
999 _c60344
_d60344